U.S. Interstate Highways - Sudden Death (Hard) - Statistics

General Stats
  • This quiz has been taken 921 times
    171 since last reset
  • The average score is 36 of 73
Answers on the Grid
Answers color-coded by a green-red scale on the quiz's grid according to % correct below.
I-99
I-98
I-97
I-96
I-95
I-94
I-93
I-92
I-91
I-90
I-89
I-88
I-87
I-86
I-85
I-84
I-83
I-82
I-81
I-80
I-79
I-78
I-77
I-76
I-75
I-74
I-73
I-72
I-71
I-70
I-69
I-68
I-67
I-66
I-65
I-64
I-63
I-62
I-61
I-60
I-59
I-58
I-57
I-56
I-55
I-54
I-53
I-52
I-51
I-50
I-49
I-48
I-47
I-46
I-45
I-44
I-43
I-42
I-41
I-40
I-39
I-38
I-37
I-36
I-35
I-34
I-33
I-32
I-31
I-30
I-29
I-28
I-27
I-26
I-25
I-24
I-23
I-22
I-21
I-20
I-19
I-18
I-17
I-16
I-15
I-14
I-13
I-12
I-11
I-10
I-9
I-8
I-7
I-6
I-5
I-4
I-3
I-2
I-1
H-5
H-4
H-3
H-2
H-1
A-5
A-4
A-3
A-2
A-1
 
Answer Stats
Answer % Correct
I-95
86%
I-90
80%
I-10
78%
I-75
78%
I-70
76%
I-20
75%
I-80
75%
I-40
74%
I-25
73%
I-30
73%
I-5
73%
I-35
72%
I-15
71%
I-65
71%
I-85
71%
I-55
67%
I-45
64%
H-1
59%
H-2
58%
I-94
55%
I-69
53%
I-4
52%
A-1
51%
I-87
51%
I-76
49%
H-3
48%
I-74
48%
I-77
48%
I-81
48%
I-84
48%
I-66
46%
I-91
46%
A-2
45%
I-64
45%
I-93
45%
I-96
45%
I-99
45%
I-44
44%
I-79
44%
I-24
42%
I-26
42%
I-68
42%
A-3
41%
I-73
41%
I-8
41%
I-82
41%
I-12
40%
I-71
40%
I-72
40%
I-88
40%
I-2
39%
I-78
38%
I-86
38%
I-89
38%
I-29
36%
I-57
36%
I-59
35%
I-83
35%
I-97
35%
I-17
34%
I-19
34%
I-37
34%
I-11
33%
I-22
33%
I-39
33%
I-41
33%
I-49
33%
I-14
31%
I-16
31%
I-42
31%
I-43
31%
I-27
29%
A-4
28%
No matching quizzes found
Score Distribution
Percent of People with Each Score
Percentile by Number Answered
Your Score History
You have not taken this quiz since the last reset